000 00457nab a2200145Ia 4500
003 ES-SlBCS
005 20210601125230.0
008 140529s1972 xxu||||| |||| 00| 0 eng d
041 _aeng
100 1 _aDimon, Robert L.
_9155730
245 0 0 _aSolomon on Normative Ethics and Meta-Ethics
_c Robert L. Dimon
600 1 4 _aSolomon, Robert C.
_950182
773 0 _tPhilosophy and Phenomenological Research
_gvol. 32, 1972, págs. 554-556
_wRev1411
942 _cAR
999 _c526926
_d526926